<?xml version="1.0" encoding="UTF-8"?><?xml-stylesheet type="text/xsl" href="static/style.xsl"?><OAI-PMH xmlns="http://www.openarchives.org/OAI/2.0/" xmlns:xsi="http://www.w3.org/2001/XMLSchema-instance" xsi:schemaLocation="http://www.openarchives.org/OAI/2.0/ http://www.openarchives.org/OAI/2.0/OAI-PMH.xsd"><responseDate>2026-04-17T07:30:06Z</responseDate><request verb="GetRecord" identifier="oai:riubu.ubu.es:10259/10121" metadataPrefix="marc">https://riubu.ubu.es/oai/request</request><GetRecord><record><header><identifier>oai:riubu.ubu.es:10259/10121</identifier><datestamp>2025-02-01T01:05:43Z</datestamp><setSpec>com_10259_6168</setSpec><setSpec>com_10259_5086</setSpec><setSpec>com_10259_2604</setSpec><setSpec>col_10259_6169</setSpec></header><metadata><record xmlns="http://www.loc.gov/MARC21/slim" xmlns:doc="http://www.lyncode.com/xoai" xmlns:xsi="http://www.w3.org/2001/XMLSchema-instance" xmlns:dcterms="http://purl.org/dc/terms/" xsi:schemaLocation="http://www.loc.gov/MARC21/slim http://www.loc.gov/standards/marcxml/schema/MARC21slim.xsd">
<leader>00925njm 22002777a 4500</leader>
<datafield tag="042" ind1=" " ind2=" ">
<subfield code="a">dc</subfield>
</datafield>
<datafield tag="720" ind1=" " ind2=" ">
<subfield code="a">Vaquero Gutiérrez, Mónica</subfield>
<subfield code="e">author</subfield>
</datafield>
<datafield tag="720" ind1=" " ind2=" ">
<subfield code="a">Busto Vázquez, Natalia</subfield>
<subfield code="e">author</subfield>
</datafield>
<datafield tag="720" ind1=" " ind2=" ">
<subfield code="a">Fernández Pampín, Natalia</subfield>
<subfield code="e">author</subfield>
</datafield>
<datafield tag="720" ind1=" " ind2=" ">
<subfield code="a">Espino Ordóñez, Gustavo</subfield>
<subfield code="e">author</subfield>
</datafield>
<datafield tag="720" ind1=" " ind2=" ">
<subfield code="a">García Ruiz, Begoña</subfield>
<subfield code="e">author</subfield>
</datafield>
<datafield tag="260" ind1=" " ind2=" ">
<subfield code="c">2020-03</subfield>
</datafield>
<datafield tag="520" ind1=" " ind2=" ">
<subfield code="a">A new family of neutral chiral cyclometalated platinum(II) complexes with formula [Pt(κ2-(C^N))Cl(κ1-(L))], where (C^N) = 2-phenylpyridinate and (L) = 2-(2-pyridyl)benzimidazole (L1) or (N-(CH2)-Ar-(2-(2-pyridyl)benzimidazole) ligands; (Ar = phenyl (L2), naphthyl (L3), pyrenyl (L4)), have been synthesized and completely characterized. The unexpected κ1 coordination mode of the 2-(2-pyridyl)benzimidazole-derived ligands has been confirmed by spectroscopic techniques and X-ray diffraction. The aromatic moieties on the ligands in the new platinum(II) complexes have a remarkable influence on the cytotoxicity and in the binding mode to DNA. [Pt-L1]–[Pt-L4] complexes internalized more than cisplatin in the SW480 cancer cells even though only [Pt-L1] and [Pt-L2] display high cytotoxicity. 1H NMR and 13P{1H}NMR pointed out that [Pt-L1] and [Pt-L2] complexes bind covalently to dGMP, while the electrophoresis assays and CD experiments indicate that only [Pt-L2] is able to covalently interact with DNA, inducing the same conformational changes in the plasmid DNA as cisplatin. Although the complex [Pt-L4] intercalates into DNA, probably through the pyrenyl moiety, no biological activity is observed.</subfield>
</datafield>
<datafield tag="024" ind2=" " ind1="8">
<subfield code="a">0020-1669</subfield>
</datafield>
<datafield tag="024" ind2=" " ind1="8">
<subfield code="a">http://hdl.handle.net/10259/10121</subfield>
</datafield>
<datafield tag="024" ind2=" " ind1="8">
<subfield code="a">10.1021/acs.inorgchem.0c00219</subfield>
</datafield>
<datafield tag="024" ind2=" " ind1="8">
<subfield code="a">1520-510X</subfield>
</datafield>
<datafield ind1=" " ind2=" " tag="653">
<subfield code="a">Cyclometalated Pt(II) complexes</subfield>
</datafield>
<datafield ind1=" " ind2=" " tag="653">
<subfield code="a">Axial chirality</subfield>
</datafield>
<datafield ind1=" " ind2=" " tag="653">
<subfield code="a">Pyridylbenzimidazole</subfield>
</datafield>
<datafield ind1=" " ind2=" " tag="653">
<subfield code="a">DNA Binding</subfield>
</datafield>
<datafield ind1=" " ind2=" " tag="653">
<subfield code="a">Cytotoxicity</subfield>
</datafield>
<datafield tag="245" ind1="0" ind2="0">
<subfield code="a">Appended Aromatic Moieties Determine the Cytotoxicity of Neutral Cyclometalated Platinum(II) Complexes Derived from 2-(2-Pyridyl)benzimidazole</subfield>
</datafield>
</record></metadata></record></GetRecord></OAI-PMH>